Missing Word: Idioms Quiz Stats

 Plays Quiz Updated May 17, 2018

Challenge
Share
Tweet
Embed
Score 0/16 Timer 03:00
0 Plays Today
Idiom Missing Word % Correct
Over my ____ bodyDead
97.2%
Never ___ neverSay
93.7%
_____ cannonLoose
93.5%
____ the hand that feeds youBite
92.1%
_____ your fingersCross
91.9%
Out of the ____Blue
91.7%
Hold your _____Horses
90.1%
In a New York _____Minute
87.6%
Idiom Missing Word % Correct
_____ advocateDevil's
87%
_____ have earsWalls
86.3%
An axe to _____Grind
86.2%
Let off the _____Hook
82.3%
Long in the _____Tooth
77.9%
Get down to _____ tacksBrass
75.4%
_____ in the panFlash
72.5%
Get your _____ papersWalking
64.7%

Today's Daily Dose

You're not logged in!

Compare scores with friends on all Sporcle quizzes.
Join for Free
OR
Log In

You Might Also Like...

Show Comments

Extras

Top Quizzes Today


Score Distribution

Your Account Isn't Verified!

In order to create a playlist on Sporcle, you need to verify the email address you used during registration. Go to your Sporcle Settings to finish the process.

Report this User

Report this user for behavior that violates our Community Guidelines.

Details: